Countries That Don't End With A on a Map - Statistics

General Stats
  • This quiz has been taken 34 times
    14 since last reset
  • The average score is 106 of 123
Answers on the Map
Answers color-coded by a green-red scale on the quiz's map according to % correct below.
 
Answer Stats
Country % Correct
Bangladesh
100%
Belarus
100%
Belgium
100%
Denmark
100%
Finland
100%
France
100%
Germany
100%
Greece
100%
Hungary
100%
Iceland
100%
Ireland
100%
Italy
100%
Japan
100%
Kosovo
100%
Liechtenstein
100%
Luxembourg
100%
Monaco
100%
Montenegro
100%
Netherlands
100%
Norway
100%
Poland
100%
Portugal
100%
San Marino
100%
Spain
100%
Sweden
100%
Switzerland
100%
Turkey
100%
United Kingdom
100%
Vietnam
100%
Afghanistan
88%
Azerbaijan
88%
Bahamas
88%
Bahrain
88%
Benin
88%
Bhutan
88%
Brazil
88%
Cameroon
88%
Cape Verde
88%
Chad
88%
Chile
88%
Cyprus
88%
Democratic Republic of the Congo
88%
Central African Republic
88%
Dominican Republic
88%
Ecuador
88%
Egypt
88%
El Salvador
88%
Eswatini
88%
Haiti
88%
Honduras
88%
Iran
88%
Israel
88%
Jordan
88%
Laos
88%
Madagascar
88%
Mexico
88%
Morocco
88%
Mozambique
88%
Myanmar
88%
Nepal
88%
New Zealand
88%
Oman
88%
Pakistan
88%
Paraguay
88%
Peru
88%
Philippines
88%
Republic of the Congo
88%
Seychelles
88%
Sierra Leone
88%
South Sudan
88%
Sudan
88%
Suriname
88%
Taiwan
88%
Tajikistan
88%
Thailand
88%
Togo
88%
Trinidad and Tobago
88%
Turkmenistan
88%
Ukraine
88%
Uruguay
88%
Uzbekistan
88%
Vatican City
88%
Yemen
88%
Belize
75%
Brunei
75%
Burkina Faso
75%
Comoros
75%
Czech Republic
75%
São Tomé and Príncipe
75%
Djibouti
75%
East Timor
75%
Fiji
75%
Gabon
75%
Guinea-Bissau
75%
Iraq
75%
Ivory Coast
75%
Kazakhstan
75%
Kiribati
75%
Kuwait
75%
Kyrgyzstan
75%
Lebanon
75%
Lesotho
75%
Maldives
75%
Mali
75%
Marshall Islands
75%
Mauritius
75%
Nauru
75%
Niger
75%
Palau
75%
Qatar
75%
Saint Kitts and Nevis
75%
Saint Vincent and the Grenadines
75%
Senegal
75%
Singapore
75%
Solomon Islands
75%
Tuvalu
75%
United Arab Emirates
75%
Vanuatu
75%
Burundi
63%
Malawi
63%
United States
63%
Zimbabwe
63%
Barbados
50%
No matching quizzes found
Score Distribution
Percent of People with Each Score
Percentile by Number Answered
Your Score History
You have not taken this quiz since the last reset